Silent Spring

Bibliographic Details
Main Author: Carson, Rachel
Format: Book
Published: London : Penpnin Group , 1991
Subjects:

MARC

LEADER 00000cam a2200000 7i4500
001 0000003307
002 000003568
005 20000330.0
020 |a 0140138919 
090 0 0 |a 304.28   |b CAR 
100 1 |a Carson, Rachel 
245 1 0 |a Silent Spring   |c Rachel Carson 
260 |a London :   |b Penpnin Group ,   |c 1991 
300 |a 317 p. ;   |c 21 cm. 
650 0 0 |a Environmentalism 
650 0 0 |a Nature   |x Effect of human being on 
999 |a 034015   |b BUKU   |c PINJAMAN   |e PERPUSTAKAAN KOMUNITI PETALING JAYA